Sebavýchova a výchova v práci

Salvato in:
Dettagli Bibliografici
Autore principale: Guláš, Štefan
Natura: Libro
Lingua:slovacco
Pubblicazione: Bratislava Práca 1986
Edizione:1. vyd.
Serie:Človek a práca Zv.2/86
Tags: Aggiungi Tag
Nessun Tag, puoi essere il primo ad aggiungerne!!

MARC

LEADER 00000nam a2200000 4500
001 c030513
005 20221219100847.7
041 0 |a slo 
044 |a SK 
245 1 0 |a Sebavýchova a výchova v práci  |c Štefan Guláš 
250 |a 1. vyd. 
264 1 |a Bratislava  |b Práca  |c 1986 
300 |a 212 s. 
490 1 |a Človek a práca  |v Zv.2/86 
830 0 |a Človek a práca  |v Zv.2/86 
100 1 |a Guláš, Štefan